| 000 | 00373nam a22001697a 4500 | ||
|---|---|---|---|
| 003 | SGT | ||
| 020 | _a9780521749091 | ||
| 082 |
_a530.143 _bRYD |
||
| 100 | _aRYDER,LEWIS.H | ||
| 245 | _aQUANTUM FIELD THEORY | ||
| 250 | _a2ND | ||
| 260 |
_aNEW DELHI _bCAMBRIDGE UNIVERSITY PRESS _c2017 |
||
| 300 | _a487 | ||
| 650 | _aPHYSICS | ||
| 700 | _aRYDER,LEWIS | ||
| 942 |
_2ddc _cBK |
||
| 999 |
_c24991 _d24991 |
||